000 00438nam a2200169Ia 4500
008 230524s9999 xx 000 0 und d
082 _a640.123
_bVAS
100 _aK.L.Narayana
245 0 _aText Book on Engineering Drawing (Engineering Graphics)
250 _a4TH
260 _aCHRNNAI
_bScitech
_c2007
300 _aXVI;388
500 _aQuantity Number: 1
650 _aMechanics
700 _a P.Kannaiah
_925505
942 _cBK
999 _c37543
_d37543